Statistics for Top 100 European Football Teams

Click here to take the quiz!

General Stats

  • This quiz has been taken 23,030 times
  • The average score is 48 of 100

Answer Stats

clueclub% Correct
1 ESPReal Madrid
99%
2 ESPBarcelona
98%
3 GERBayern Munich
97%
7 ENGManchester United
97%
4 ITAAC Milan
96%
5 ITAJuventus
96%
6 ENGLiverpool
96%
9 ITAInternazionale Milan
94%
8 NEDAjax Amsterdam
93%
14 ENGArsenal
92%
18 ENGChelsea
92%
58 ENGManchester City
92%
13 PORPorto
91%
10 PORBenfica
87%
11 SCOCeltic
87%
25 GERBorussia Dortmund
86%
12 SCORangers
85%
57 FRAParis Saint-Germain
83%
19 ESPAtlético Madrid
79%
16 NEDPSV Eindhoven
79%
24 ENGTottenham Hotspur
78%
40 ITAAS Roma
76%
30 PORSporting Lisbon
74%
21 ESPValencia
74%
54 FRALyon
71%
34 FRAMarseille
71%
83 SPASevilla
69%
17 UKRDynamo Kiev
67%
81 ITANapoli
66%
22 NEDFeyenoord
63%
37 ENGEverton
62%
15 BELAnderlecht
61%
64 ITALazio
60%
38 ENGAston Villa
59%
28 GREOlympiakos
59%
20 SRBRed Star Belgrade
59%
36 ESPAthletic Bilbao
58%
42 TURGalatasaray
57%
59 ENGNewcastle United
56%
52 FRAAS Monaco
54%
32 GERHamburg
51%
46 ENGNottingham Forest
51%
69 GERSchalke 04
51%
63 UKRShakhtar Donetsk
51%
99 ENGWest Ham United
51%
101 RUSZenit St Petersburg
51%
47 CRODinamo Zagreb
47%
91 TURFenerbahçe
47%
79 SWEMalmö
46%
45 ENGLeeds United
45%
61 RUSCSKA Moscow
43%
53 ITAFiorentina
43%
33 RUSSpartak Moscow
42%
29 AUTRapid Vienna
40%
26 CZESparta Prague
40%
41 BELClub Brugge
39%
96 GREAEK Athens
37%
92 SUIBasel
37%
49 GREPanathinaikos
37%
39 GERBorussia Mönchengladbach
36%
27 ROMSteaua Bucharest
35%
70 ITATorino
34%
72 FRABordeaux
33%
75 CZESlavia Prague
32%
50 GERWerder Bremen
32%
77 SCOAberdeen
31%
74 GERCologne
31%
44 SERPartizan Belgrade
31%
84 GERVfB Stuttgart
31%
95 POLLegia Warsaw
30%
66 ITAParma
30%
23 HUNFerencváros
29%
31 AUTAustria Vienna
28%
60 FRASaint-Étienne
28%
87 ITAUC Sampdoria
28%
86 ENGWolverhampton Wanderers
28%
78 FRANantes
27%
94 RUSDynamo Moscow
25%
67 BELStandard Liège
23%
43 BULCSKA Sofia
21%
80 ITABologna
20%
65 CROHajduk Split
20%
98 NORRosenborg BK
19%
82 GEREintracht Frankfurt
18%
73 SUIGrasshoppers
17%
51 SWEIFK Göteborg
16%
55 SVKŠK Slovan Bratislava
16%
88 FRAStade Reims
14%
56 BULLevski Sofia
13%
89 GEODinamo Tbilisi
11%
68 ESPReal Zaragoza
11%
71 ROMDinamo Bucharest
10%
90 HUNBudapest Honvéd
9%
76 NIRLinfield
8%
35 HUNÚjpest
8%
93 GERDynamo Dresden
6%
48 HUNMTK Budapest
6%
97 POLGórnik Zabrze
4%
100 GERMagdeburg
3%
85 HUNVasas
3%

Score Distribution

Percentile by Number Answered

Percent of People with Each Score

Your Score History

You have not taken this quiz